LEADER 01076nam0 2200277 450 001 000002731 005 20030717105320.0 100 $a20010417d2000----km-y0itay50------ba 101 0 $aita 102 $aIT 200 1 $a<>struttura degli incentivi alle imprese della legge 488/92$ealcune prime valutazioni sulle selezioni del 3° e 4° grado$fa cura di Paola Potestio 210 $aRoma$c[s.n.]$d2000 215 $a71 p.$cill.$d24 cm 225 2 $aQuaderni di Informazioni Svimez$v5 300 $aA pie' del front. : Relazione introduttiva al convegno su Incentivi e politica industriale ... 300 $aIn testa al front. : Svimez, Associazione per lo sviluppo dell'industria del mezzogiorno 410 0$12001$aQuaderni di Informazioni Svimez 610 1 $aImprese$aFinanziamenti 676 $a338.43 702 1$aPotestio,$bPaola 712 02$aSvimez 801 0$aIT $bUNIPARTHENOPE $gRICA $2UNIMARC 912 $a000002731 951 $cNAVA1$aQUIS 300/5$d20010420 996 $aStruttura degli incentivi alle imprese della legge 488$9309654 997 $aUNIPARTHENOPE LEADER 01139nam0 22002651i 450 001 UON00396224 005 20231205104636.218 010 $a978-27-453-1562-5 100 $a20110722d2007 |0itac50 ba 101 $afre 102 $aFR 105 $a|||| ||||| 200 1 $aGuerir du Sot$eles stratégies d'écriture des libertins à l'âge classique$fIsabelle Moreau- Paris$eH. Champion, 2007 - 1214 p. ; 23 cm. 410 1$1001UON00258490$12001 $aLibre pensée et littérature clandestine$1210 $aParis$cHonoré Champion.$v30 606 $aLIBERTINI$xFrancia$xSec. 17.$3UONC075511$2FI 620 $aFR$dParis$3UONL002984 676 $a323.442$cLIBERTA DI COSCIENZA E DI RELIGIONE$v22 700 1$aMOREAU$bIsabelle$3UONV208876$0706113 712 $aChampion$3UONV248947$4650 801 $aIT$bSOL$c20240220$gRICA 899 $aSIBA - SISTEMA BIBLIOTECARIO DI ATENEO$2UONSI 912 $aUON00396224 950 $aSIBA - SISTEMA BIBLIOTECARIO DI ATENEO$dSI COLL. FP 047 30 $eSI FP 22103 7 $sBuono 996 $aGuerir du Sot$91352048 997 $aUNIOR LEADER 01714nas 2200517-a 450 001 996206280103316 005 20240413020458.0 011 $a1872-9088 035 $a(DE-599)ZDB1501302-9 035 $a(CKB)954926248603 035 $a(CONSER)---98643357- 035 $a(EXLCZ)99954926248603 100 $a19971125a19969999 --- - 101 0 $aeng 181 $ctxt$2rdacontent 182 $cc$2rdamedia 183 $acr$2rdacarrier 200 00$aAnnual reviews in control 210 $aOxford, England ;$aNew York $cPergamon$dc1997- 215 $a1 online resource 300 $aRefereed/Peer-reviewed 311 $aPrint version: Annual reviews in control. (DLC) 98643357 (OCoLC)38005858 1367-5788 531 $aANNUAL REVIEW IN CONTROL 531 $aANNU REV CONTROL 531 $aANNU. REV. CONTROL 606 $aAutomatic programming (Computer science)$vPeriodicals 606 $aReal-time programming$vPeriodicals 606 $aSoftware$2gtt 606 $aSysteemtheorie$2gtt 606 $aControleleer$2gtt 606 $aAutomatic programming (Computer science)$2fast$3(OCoLC)fst00822768 606 $aReal-time programming$2fast$3(OCoLC)fst01091223 608 $aPeriodicals.$2fast 615 0$aAutomatic programming (Computer science) 615 0$aReal-time programming 615 17$aSoftware. 615 17$aSysteemtheorie. 615 17$aControleleer. 615 7$aAutomatic programming (Computer science) 615 7$aReal-time programming. 712 02$aInternational Federation of Automatic Control. 906 $aJOURNAL 912 $a996206280103316 920 $aexl_impl conversion 996 $aAnnual reviews in control$92035059 997 $aUNISA